| 000 -LEADER |
| fixed length control field |
01674nam a22001577a 4500 |
| 008 - FIXED-LENGTH DATA ELEMENTS--GENERAL INFORMATION |
| fixed length control field |
241112b ||||| |||| 00| 0 eng d |
| 100 ## - MAIN ENTRY--PERSONAL NAME |
| Personal name |
Johri, Amrita and Bhardwaj, Anjali |
| 245 ## - TITLE STATEMENT |
| Title |
Shrouded in secrecy: Dangers in the DPDP act |
| 260 ## - PUBLICATION, DISTRIBUTION, ETC. (IMPRINT) |
| Place of publication, distribution, etc |
Common Cause: Policy Oriented Journal Since 1982 |
| 300 ## - PHYSICAL DESCRIPTION |
| Extent |
42(3), Jul-Sep, 2023: p.24-25 |
| 520 ## - SUMMARY, ETC. |
| Summary, etc |
This article critically examines the Digital Personal Data Protection (DPDP) Act from a governance and human rights perspective, highlighting concerns over secrecy and lack of transparency. While the Act aims to regulate personal data protection in India, critics argue that its provisions grant excessive discretionary powers to the state, potentially undermining privacy rights and democratic accountability. The study situates the DPDP Act within broader debates on digital governance, emphasizing how inadequate safeguards and opaque mechanisms can erode trust in institutions. Drawing on policy analysis and commentary from Common Cause, a journal committed to governance and accountability since 1982, the paper underscores the dangers of embedding secrecy into data regulation frameworks. It calls for stronger checks and balances, independent oversight, and citizen-centric safeguards to ensure that data protection does not become a tool for surveillance or authoritarian control.
|
| 650 ## - SUBJECT ADDED ENTRY--TOPICAL TERM |
| Topical term or geographic name as entry element |
Political Science, Digital Personal Data Protection Act (DPDP), India, Privacy, Governance, Secrecy, Accountability, Human Rights, Common Cause Journal, Policy Debate, Data Regulation |
| 9 (RLIN) |
59468 |
| 773 ## - HOST ITEM ENTRY |
| Main entry heading |
Common Cause: Policy Oriented Journal Since 1982 |
| 906 ## - LOCAL DATA ELEMENT F, LDF (RLIN) |
| Subject DIP |
DATA SECURITY |
| 942 ## - ADDED ENTRY ELEMENTS (KOHA) |
| Item type |
Articles |